Statistics for New York City True or False?

Click here to take the quiz!

General Stats

  • This quiz has been taken 176 times
  • The average score is 8 of 15

Answer Stats

QuestionAnswer% Correct
New York City has a higher population than the state of ColoradoTrue
72%
The NYPD is the largest police department in the United StatesTrue
61%
Manhattan has the lowest population of New York City's five boroughsFalse
58%
New York City has the oldest subway system in the worldFalse
57%
The Empire State Building has its own ZIP codeTrue
56%
New York City was formerly the capital of the United StatesTrue
54%
There has never been a US president from New York CityFalse
52%
One in four New Yorkers are blackTrue
50%
John F. Kennedy International Airport is the busiest airport in the United StatesFalse
49%
The Staten Island Ferry is the busiest ferry route in the United StatesTrue
48%
New York City has more billionaires than any other city in the worldFalse
46%
New York City has more miles of coastline than Rhode IslandTrue
46%
New York City is older than BostonTrue
43%
For the entirety of the 20th century, the tallest building in the world was in New York CityFalse
41%
Aside from the mayor's residence Gracie Mansion, there are no detached single houses on ManhattanFalse
41%

Score Distribution

Percentile by Number Answered

Percent of People with Each Score

Your Score History

You have not taken this quiz